LEADER 01022nam a2200253 4500 001 000000348696 003 CaOOAMICUS 005 20211129102521.0 008 211129s2021 it 000 u ita r 020 $a978-88-6898-308-6 040 $aSeMil$bita 100 1 $aCattorini, Paolo Marino,$d<1956- >.$0(OLS)http://semarc/name/115274 245 10$aSuicidio? :$bun dibattito teologico /$cPaolo M. Cattorini. 264 1$aTorino :$bClaudiana,$c2021. 300 $a256 p. ;$c21 cm 490 1 $aNostro tempo ;$v157 650 4$aSuicidio - Aspetti morali.$0(OLS)http://semarc/subject/51300 830 0$aNostro tempo ;$v157.$0(OLS)http://semarc/title/7076 850 $aSeMil 852 $aSeMil$W1$xVenegono$y1$m2E II 541$j230282$B239806$CSeMilBibl$Z2$F239806 $81 996 $6020$a978-88-6898-308-6$9(OLS)http://semarc/number/294728 996 $6245$aSuicidio? :$bun dibattito teologico$9(OLS)http://semarc/title/438134 996 $6264$aTorino :$bClaudiana$9(OLS)http://semarc/publisher/29837 LEADER 01295nam a2200277 i 4500 001 000000055376 003 CaOOAMICUS 005 20250313125904.0 008 140130s1992 xxu u000 u eng u 020 $a0-8146-5807-5 040 $aSeMil$bita 100 1 $aJohnson, Luke Timothy,$d<1943- >.$0(OLS)http://semarc/name/27804 245 14$aThe Acts of the apostles /$cLuke Timothy Johnson ; Daniel J. Harrington editor. 260 $aCollegeville (Minnesota) :$bThe Liturgical Press,$c1992. 300 $axvi, 568 p. ;$c24 cm. 490 1 $aSacra Pagina series ;$v5 650 4$aBibbia. Nuovo Testamento. Atti degli Apostoli - Commentari, studi, critica, interpretazioni.$0(OLS)http://semarc/subject/30 700 1 $aHarrington, Daniel J.,$c.$0(OLS)http://semarc/name/27805 830 0$aSacra Pagina series ;$v5.$0(OLS)http://semarc/title/39915 850 $aSeMil 852 $aSeMil$W1$xVenegono$y1$m2W IV 304$j21530$B21530$CSeMilBibl$Z2$F21532 $81 961 $aOmaggio: Tremolada don Pierantonio 996 $6020$a0-8146-5807-5$9(OLS)http://semarc/number/30426 996 $6245$aThe Acts of the apostles$9(OLS)http://semarc/title/39261 996 $6260$aCollegeville (Minnesota) :$bThe Liturgical Press$9(OLS)http://semarc/publisher/32329